000 00261nam a22001217a 4500
008 181022b xxu||||| |||| 00| 0 eng d
041 _aeng
080 _a371
100 _a46
101 _aEDU
245 _aRhetoric Made Plain
_cWinkler, A.C
942 _2udc
_cBK
999 _c50544
_d50544